Robert Augustus Toombs papers, (Record no. 41058)
[ view plain ]
| 000 -LEADER | |
|---|---|
| fixed length control field | 01514cpcaa2200349 a 4500 |
| 001 - CONTROL NUMBER | |
| control field | mm 79001962 |
| 003 - CONTROL NUMBER IDENTIFIER | |
| control field | DLC |
| 005 - DATE AND TIME OF LATEST TRANSACTION | |
| control field | 20260227111640.0 |
| 008 - FIXED-LENGTH DATA ELEMENTS--GENERAL INFORMATION | |
| fixed length control field | 800102|||||||||||| eng |
| 010 ## - LIBRARY OF CONGRESS CONTROL NUMBER | |
| LC control number | mm 79001962 |
| 040 ## - CATALOGING SOURCE | |
| Original cataloging agency | DLC |
| Transcribing agency | DLC |
| Modifying agency | DLC |
| Description conventions | dacs |
| 072 #7 - SUBJECT CATEGORY CODE | |
| Subject category code | W |
| Source | lcmd |
| 100 1# - MAIN ENTRY--PERSONAL NAME | |
| Personal name | Toombs, Robert Augustus, |
| Dates associated with a name | 1810-1885. |
| 245 00 - TITLE STATEMENT | |
| Title | Robert Augustus Toombs papers, |
| Inclusive dates | 1834-1862. |
| 300 ## - PHYSICAL DESCRIPTION | |
| Extent | 12 |
| Type of unit | items. |
| 506 0# - RESTRICTIONS ON ACCESS NOTE | |
| Terms governing access | Open to research. |
| 520 8# - SUMMARY, ETC. | |
| Summary, etc. | Chiefly letters from Toombs to Gov. George Washington Crawford relating to Georgia and national politics. |
| 533 ## - REPRODUCTION NOTE | |
| Type of reproduction | In part, negative photocopies. |
| Place of reproduction | [S.l.]. |
| 545 0# - BIOGRAPHICAL OR HISTORICAL DATA | |
| Biographical or historical data | U.S. senator and representative from Georgia and Confederate secretary of state and army officer. |
| 546 ## - LANGUAGE NOTE | |
| Language note | Collection material in English. |
| 580 ## - LINKING ENTRY COMPLEXITY NOTE | |
| Linking entry complexity note | Forms part of: Miscellaneous Manuscripts collection. |
| 600 10 - SUBJECT ADDED ENTRY--PERSONAL NAME | |
| Personal name | Crawford, George Washington, |
| Dates associated with a name | 1798-1872 |
| Form subdivision | Correspondence. |
| 651 #0 - SUBJECT ADDED ENTRY--GEOGRAPHIC NAME | |
| Geographic name | Georgia |
| General subdivision | Politics and government |
| Chronological subdivision | 1775-1865. |
| 651 #0 - SUBJECT ADDED ENTRY--GEOGRAPHIC NAME | |
| Geographic name | United States |
| General subdivision | Politics and government |
| Chronological subdivision | 1783-1865. |
| 656 #7 - INDEX TERM--OCCUPATION | |
| Occupation | Army officers, Confederate. |
| Source of term | itoamc |
| 656 #7 - INDEX TERM--OCCUPATION | |
| Occupation | Cabinet officers |
| Geographic subdivision | Confederate States of America. |
| Source of term | itoamc |
| 656 #7 - INDEX TERM--OCCUPATION | |
| Occupation | Public officials |
| Geographic subdivision | Georgia. |
| Source of term | itoamc |
| 656 #7 - INDEX TERM--OCCUPATION | |
| Occupation | Representatives, U.S. Congress |
| Geographic subdivision | Georgia. |
| Source of term | itoamc |
| 656 #7 - INDEX TERM--OCCUPATION | |
| Occupation | Senators, U.S. Congress |
| Geographic subdivision | Georgia. |
| Source of term | itoamc |
No items available.